000
00213nam a2200097Ia 4500
008
170619s9999 xx 000 0 und d
100
_a
HAYKIN SIMON
245
0
_a
COMMUNICATION SYSTEMS
260
_b
WILEY
260
_c
2010
546
_a
ENGLISH
999
_c
19358
_d
19358